书目信息 |
| 题名: |
世界资源报告(1988-1989)
|
|
| 作者: | 世界资源研究所 编 | |
| 分册: | ||
| 出版信息: | 北京 中国环境科学出版社 1990.11 |
|
| 页数: | 673页 | |
| 开本: | 16开 | |
| 丛书名: | ||
| 单 册: | ||
| 中图分类: | X371 | |
| 科图分类: | ||
| 主题词: | 自然资源--开发--合理 , 自然资源--环境? | |
| 电子资源: | ||
| ISBN: | 7-80010-771-X | |
| 000 | 00683nam0 2200205 45 | |
| 001 | 0011220900 | |
| 005 | 20001204105554.1 | |
| 010 | @a7-80010-771-X@d23.00元 | |
| 100 | @a20001122d1990 km y0chiy0120 ea | |
| 101 | 0 | @achi |
| 105 | @a z 000yy | |
| 200 | 1 | @a世界资源报告(1988-1989)@AShi Jie Zi Yuan Bao Gao(1988-1989)@f(美)世界资源研究所等编;王之佳等译@F(Mei)Shi Jie Zi Yuan Yan Jiu Suo Deng Bian;Wang Zhi Jia DengYi |
| 210 | @a北京@c中国环境科学出版社@d1990.11 | |
| 215 | @a673页@d16开 | |
| 606 | 0 | @a自然资源@x开发@x合理 |
| 606 | 0 | @a自然资源@x环境? |
| 690 | @aX371@v3 | |
| 701 | 0 | @a世界资源研究所@4编 |
| 801 | @aCN@bPftUser@c20001122 | |
| 905 | @dX371@eSH:087@b512840-842@f3 | |
| 世界资源报告(1988-1989)/(美)世界资源研究所等编;王之佳等译.-北京:中国环境科学出版社,1990.11 |
| 673页;16开 |
| ISBN 7-80010-771-X:23.00元 |
| ● |
| 相关链接 |
|
|
|
正题名:世界资源报告(1988-1989)
索取号:X371/SH:087
 
预约/预借
| 序号 | 登录号 | 条形码 | 馆藏地/架位号 | 状态 | 备注 |
| 1 | 512840 | 205128404 | 自科库501/501自科库 67排2列3层/ [索取号:X371/SH:087] | 在馆 | |
| 2 | 512841 | 205128413 | 自科库501/501自科库 67排2列3层/ [索取号:X371/SH:087] | 在馆 | |
| 3 | 512842 | 205128422 | 自科库501/501自科库 67排2列3层/ [索取号:X371/SH:087] | 在馆 |